मराठी ऐतिहासिक कांदबरी एक अभ्यास (Record no. 333913)

MARC details
000 -LEADER
fixed length control field 00686nam a2200169Ia 4500
008 - FIXED-LENGTH DATA ELEMENTS--GENERAL INFORMATION
fixed length control field 090711s9999 xx 000 0 und d
082 ## - DEWEY DECIMAL CLASSIFICATION NUMBER
Item number 1079
100 ## - MAIN ENTRY--PERSONAL NAME
Personal name शहा विभा
245 ## - TITLE STATEMENT
Title मराठी ऐतिहासिक कांदबरी एक अभ्यास
260 ## - PUBLICATION, DISTRIBUTION, ETC. (IMPRINT)
Name of publisher, distributor, etc महेता पब्लिकेशन हाऊस
Date of publication, distribution, etc 1998
300 ## - PHYSICAL DESCRIPTION
Extent 337
600 ## - SUBJECT ADDED ENTRY--PERSONAL NAME
Personal name शहा विभा
630 ## - SUBJECT ADDED ENTRY--UNIFORM TITLE
Uniform title मराठी ऐतिहासिक कांदबरी एक अभ्यास
700 ## - ADDED ENTRY--PERSONAL NAME
Personal name शहा विभा
730 ## - ADDED ENTRY--UNIFORM TITLE
Uniform title मराठी ऐतिहासिक कांदबरी एक अभ्यास
942 ## - ADDED ENTRY ELEMENTS (KOHA)
Koha item type Book

No items available.